Librería de jueces, utilísima, y universal... (Record no. 8731)

MARC details
000 -CABECERA
campo de control de longitud fija 00968nam a2200229 a 4500
001 - NÚMERO DE CONTROL
campo de control BRCA_9081
005 - FECHA Y HORA DE LA ÚLTIMA TRANSACCIÓN
campo de control 20190320210521.0
008 - DATOS DE LONGITUD FIJA--INFORMACIÓN GENERAL
campo de control de longitud fija 060917s1768----sp-#######---#000-0#spa-#
041 ## - CÓDIGO DE LENGUA
Código de lengua del texto/banda sonora o título independiente spa
044 ## - CÓDIGO DEL PAÍS DE LA ENTIDAD EDITORA/PRODUCTORA
Código MARC del país sp
084 ## - OTRO NÚMERO DE CLASIFICACIÓN
Número de clasificación CO41
Número de documento/Ítem .M37 1768
100 1# - ENTRADA PRINCIPAL--NOMBRE DE PERSONA
Nombre de persona Martínez, Manuel Silvestre
9 (RLIN) 21602
245 10 - MENCIÓN DE TÍTULO
Título Librería de jueces, utilísima, y universal...
Resto del título en que por oden alfbetico, en forma de Reportorio decisivo de la moderna, y mas floreciente Real Jurisprudencia... : tomo quarto ultimo
Mención de responsabilidad, etc. su autor el Lic. D. Manuel Sylvestre Martínez...
260 ## - PUBLICACIÓN, DISTRIBUCIÓN, ETC.
Lugar de publicación, distribución, etc. Madrid
Nombre del editor, distribuidor, etc. En la Imprenta de la viuda de Eliseo Sánchez
Fecha de publicación, distribución, etc. 1768
300 ## - DESCRIPCIÓN FÍSICA
Extensión 411 p. (t.4)
Dimensiones 20.5 x 15.5 cm
500 ## - NOTA GENERAL
Nota general Con privilegio
500 ## - NOTA GENERAL
Nota general Dedicado al excelentísimo señor D. Pedro Pablo Abarca de Bolea Ximenez de Urrea
500 ## - NOTA GENERAL
Nota general Estado físico: presenta encuadernación en pergamino, con cintas rotas
650 14 - PUNTO DE ACCESO ADICIONAL DE MATERIA--TÉRMINO DE MATERIA
Término de materia o nombre geográfico como elemento de entrada Juisprudencia
Subdivisión cronológica S. XVIII
Subdivisión geográfica España
9 (RLIN) 21937
902 ## - CATALOGADOR
Iniciales CFM
942 ## - ELEMENTOS DE PUNTO DE ACCESO ADICIONAL (KOHA)
Fuente del sistema de clasificación o colocación Library of Congress Classification
Tipo de ítem Koha Libros
Holdings
Estado de retiro Estado de pérdida Estado dañado No para préstamo Localización permanente Ubicación/localización actual Fecha de adquisición Total de préstamos Signatura topográfica completa Código de barras Fecha visto por última vez Precio válido a partir de Tipo de ítem Koha
El ejemplar forma parte de la colección y puede ser consultado según las políticas vigentes.       Biblioteca del Museo Franz Mayer (Rogerio Casas-Alatriste) Biblioteca del Museo Franz Mayer (Rogerio Casas-Alatriste) 06/09/2017   CO41 .M37 1768 CFM00437 22/03/2019 22/03/2019 Libros